[Event "Guernsey Open"]
[Site "Guernsey"]
[Date "2001.10.23"]
[Round "3"]
[White "Van Dijk, Bram"]
[Black "Janse, Jan Jaap"]
[Result "1-0"]
[WhiteElo "2243"]
[BlackElo "2272"]
[PlyCount "59"]
[EventDate "2001.10.21"]

1. e4 d6 2. d4 Nf6 3. Nc3 e5 4. Nf3 Nbd7 5. h3 c6 6. Be3 Qc7 7. Be2 Be7 8. O-O
h6 9. a4 Nf8 10. Qd2 g5 11. b4 Ng6 12. b5 Nf4 13. Bxf4 gxf4 14. a5 Rg8 15. Kh2
a6 16. bxa6 bxa6 17. Rfb1 Nh7 18. Na4 f5 19. Nb6 fxe4 20. Nxa8 Qd7 21. Rb8
Rxg2+ 22. Kxg2 Qxh3+ 23. Kg1 exf3 24. Bxf3 Ng5 25. Bxc6+ Kf7 26. f3 Bd7 27.
Bd5+ Be6 28. Bxe6+ Kxe6 29. d5+ Kf7 30. Rb3 1-0

[Event "Guernsey Open"]
[Site "Guernsey"]
[Date "2001.10.23"]
[Round "3"]
[White "Westerkamp, Bert"]
[Black "Gunter, David"]
[Result "1-0"]
[WhiteElo "2139"]
[BlackElo "2136"]
[PlyCount "103"]
[EventDate "2001.10.21"]

1. Nf3 e6 2. d4 d5 3. Bf4 c5 4. c3 Nc6 5. e3 Nf6 6. Nbd2 Be7 7. h3 Qb6 8. Qb3
Qxb3 9. Nxb3 cxd4 10. exd4 O-O 11. Be2 Ne4 12. O-O b6 13. a4 Bd6 14. Bxd6 Nxd6
15. a5 b5 16. Nc5 a6 17. Ne5 Nxe5 18. dxe5 Nb7 19. Nd3 Bd7 20. f4 Rfc8 21. Rfd1
f6 22. f5 Nc5 23. fxe6 Bxe6 24. exf6 Nxd3 25. Rxd3 gxf6 26. Bf3 Rc5 27. Rad1
Rd8 28. Rd4 Kg7 29. Kf2 Bf7 30. R1d2 f5 31. g4 fxg4 32. Rxg4+ Kf6 33. Rdd4 Rc4
34. Rgf4+ Kg7 35. Rxf7+ Kxf7 36. Bxd5+ Rxd5 37. Rxd5 Ra4 38. b4 Ra2+ 39. Kg3
Rc2 40. Rc5 Rc1 41. h4 Rg1+ 42. Kf4 Rh1 43. h5 Kg7 44. Ke4 Rh4+ 45. Kd3 Kf7 46.
Rc7+ Kg8 47. Rc6 Rxh5 48. Rxa6 Rh3+ 49. Kd4 Rh4+ 50. Kc5 Rc4+ 51. Kxb5 Rxc3 52.
Rc6 1-0

[Event "Guernsey Open"]
[Site "Guernsey"]
[Date "2001.10.23"]
[Round "3"]
[White "Kitchlew, Andrew"]
[Black "Vickery, Jim"]
[Result "1-0"]
[WhiteElo "2059"]
[BlackElo "2218"]
[PlyCount "51"]
[EventDate "2001.10.21"]

1. e4 Nf6 2. Nc3 e5 3. Nf3 Nc6 4. d4 exd4 5. Nxd4 Bb4 6. Nxc6 bxc6 7. Qd4 Qe7
8. f3 d5 9. Bg5 c5 10. Bb5+ Kf8 11. Qd3 Bb7 12. O-O-O c6 13. Rhe1 Qc7 14. e5
Ng8 15. Ba4 Ne7 16. a3 Ba5 17. Bxe7+ Kxe7 18. Qe3 Bb6 19. Qg5+ Kf8 20. e6 f6
21. e7+ Kf7 22. Nxd5 cxd5 23. Qh5+ g6 24. e8=Q+ Raxe8 25. Bxe8+ Rxe8 26. Qxh7+
1-0

[Event "Guernsey Open"]
[Site "Guernsey"]
[Date "2001.10.23"]
[Round "3"]
[White "Tan, H Boen"]
[Black "Keeling, Geoffrey"]
[Result "0-1"]
[WhiteElo "2194"]
[BlackElo "2053"]
[PlyCount "112"]
[EventDate "2001.10.21"]

1. e4 e5 2. d4 exd4 3. c3 d3 4. Bxd3 d6 5. Nf3 Nf6 6. O-O Be7 7. h3 O-O 8. Be3
Nc6 9. Nbd2 Re8 10. Nd4 Ne5 11. Bc2 Bd7 12. f4 Ng6 13. g4 c5 14. Nf5 Bc6 15. g5
Nd7 16. h4 d5 17. h5 Ngf8 18. Qg4 Ne6 19. exd5 Bxd5 20. c4 Bc6 21. g6 hxg6 22.
hxg6 Nf6 23. gxf7+ Kxf7 24. Nh6+ Kf8 25. Qxe6 gxh6 26. Bg6 Kg7 27. Qf7+ Kh8 28.
Rf2 Bf8 29. Re1 Qe7 30. Qxe7 Rxe7 31. Rfe2 Rg7 32. f5 Rd7 33. Bf4 Rad8 34. Be5
Bg7 35. Nf1 b6 36. Ne3 Bf3 37. Rh2 Ng8 38. Bf4 Rd2 39. Nd5 Bd4+ 40. Be3 Bxe3+
41. Rxe3 Rxh2 42. Kxh2 Bxd5 43. cxd5 Rxd5 44. Re2 Kg7 45. Kg3 Rd3+ 46. Kf4 Rd7
47. Be8 Re7 48. Rg2+ Kf8 49. Bb5 Nf6 50. Rg6 Nd5+ 51. Kf3 Re3+ 52. Kf2 Re5 53.
Bd7 h5 54. Rh6 Nf4 55. Kf3 Nd5 56. Rxh5 Nf6 0-1

[Event "Guernsey Open"]
[Site "Guernsey"]
[Date "2001.10.23"]
[Round "3"]
[White "Kemp, Paul M"]
[Black "Thurlow, Kevin"]
[Result "0-1"]
[WhiteElo "2032"]
[BlackElo "2193"]
[PlyCount "48"]
[EventDate "2001.10.21"]

1. e4 c5 2. Nf3 e6 3. d3 Nc6 4. g3 Nge7 5. c3 d5 6. Qe2 b6 7. Bg2 Ba6 8. c4
dxc4 9. dxc4 Nd4 10. Nxd4 Qxd4 11. Nd2 Rd8 12. Rb1 Nc6 13. O-O Be7 14. b3 O-O
15. Nf3 Qd3 16. Rb2 b5 17. Qxd3 Rxd3 18. cxb5 Bxb5 19. Re1 Bf6 20. Rd2 Rxd2 21.
Bxd2 Rd8 22. Bf1 a6 23. Kg2 Nd4 24. Bg5 Nxf3 0-1

[Event "Guernsey Open"]
[Site "Guernsey"]
[Date "2001.10.23"]
[Round "3"]
[White "Almond, Richard"]
[Black "Spanton, Timothy"]
[Result "1-0"]
[WhiteElo "2136"]
[BlackElo "2039"]
[PlyCount "65"]
[EventDate "2001.10.21"]

1. d4 d5 2. c4 e6 3. Nc3 c5 4. cxd5 cxd4 5. Qa4+ Bd7 6. Qxd4 exd5 7. Qxd5 Nc6
8. e3 Nf6 9. Qb3 Bc5 10. Nf3 Qe7 11. Be2 O-O-O 12. Bd2 Kb8 13. Rc1 Be6 14. Qa4
Nb4 15. O-O Nd3 16. Bxd3 Rxd3 17. b4 Bb6 18. e4 Ka8 19. Qc2 Rdd8 20. Na4 Bd4
21. Nxd4 Rxd4 22. Nb6+ axb6 23. Qa4+ Kb8 24. Bf4+ Rd6 25. e5 Qd7 26. b5 Nd5 27.
exd6 Nxf4 28. Qxf4 Qxb5 29. d7+ Ka7 30. Rc3 Qa5 31. Qe3 Bxd7 32. Ra3 Ba4 33.
Qd4 1-0

[Event "Guernsey Open"]
[Site "Guernsey"]
[Date "2001.10.24"]
[Round "4"]
[White "Arkell, Keith"]
[Black "Gormally, Daniel"]
[Result "1/2-1/2"]
[WhiteElo "2457"]
[BlackElo "2505"]
[PlyCount "92"]
[EventDate "2001.10.21"]

1. d4 d5 2. c4 c6 3. Nf3 Nf6 4. Nc3 a6 5. e3 b5 6. b3 Bg4 7. Be2 e6 8. O-O Nbd7
9. a4 dxc4 10. axb5 axb5 11. Rxa8 Qxa8 12. bxc4 b4 13. Na4 c5 14. h3 Bh5 15.
Bb2 Be7 16. dxc5 Nxc5 17. Nxc5 Bxc5 18. Nd4 Bxe2 19. Qxe2 O-O 20. Ra1 Qb7 21.
Ra5 Be7 22. c5 Qe4 23. f3 Qd5 24. e4 Qg5 25. Nb3 Bd8 26. Ra7 Nh5 27. Qd2 Qg3
28. Qf2 Qb8 29. Rd7 Bc7 30. Qd4 Bh2+ 31. Kh1 Nf6 32. c6 Bc7 33. Nc5 Qb6 34. Na6
Qxc6 35. Rxc7 Qxa6 36. Qxb4 h6 37. Qe7 Nh7 38. Ba3 Qb5 39. Rb7 Qc6 40. Ra7 Qc8
41. e5 Qd8 42. Qb7 Qd1+ 43. Kh2 Qd4 44. Bxf8 Qxe5+ 45. Kh1 Qe1+ 46. Kh2 Qe5+
1/2-1/2

[Event "Guernsey Open"]
[Site "Guernsey"]
[Date "2001.10.24"]
[Round "4"]
[White "Webster, Andrew"]
[Black "Hillarp Persson, Tiger"]
[Result "0-1"]
[WhiteElo "2413"]
[BlackElo "2450"]
[PlyCount "82"]
[EventDate "2001.10.21"]

1. Nf3 Nf6 2. c4 c5 3. Nc3 e6 4. g3 b6 5. Bg2 Bb7 6. O-O a6 7. Re1 d6 8. e4 Be7
9. d4 cxd4 10. Nxd4 Qc7 11. Be3 O-O 12. Rc1 Nbd7 13. f4 h5 14. h3 Rfe8 15. g4
hxg4 16. hxg4 Nc5 17. Bf2 d5 18. cxd5 Qxf4 19. b4 Nxg4 20. Rc2 exd5 21. Nxd5
Bxd5 22. exd5 Bh4 23. Bxh4 Qh2+ 24. Kf1 Qxh4 25. Rce2 Rxe2 26. Rxe2 Nd7 27. d6
Rf8 28. Nc6 Qg3 29. Kg1 Qh2+ 30. Kf1 Qf4+ 31. Kg1 g6 32. Re4 Qf2+ 33. Kh1 Qh4+
34. Kg1 Ndf6 35. Qd4 Nxe4 36. Bxe4 Nf6 37. Ne7+ Kg7 38. d7 Qe1+ 39. Kg2 Qxe4+
40. Qxe4 Nxe4 41. Nc6 Nc3 0-1

[Event "Guernsey Open"]
[Site "Guernsey"]
[Date "2001.10.24"]
[Round "4"]
[White "Bellin, Robert"]
[Black "Van Dijk, Bram"]
[Result "1-0"]
[WhiteElo "2359"]
[BlackElo "2243"]
[PlyCount "85"]
[EventDate "2001.10.21"]

1. e4 c6 2. d4 d5 3. Nd2 g6 4. h3 Bg7 5. Ngf3 Nd7 6. c3 e6 7. Bd3 Ne7 8. O-O
O-O 9. Nb3 Qc7 10. Bg5 f6 11. Bh4 Re8 12. Bg3 Qd8 13. Re1 Nf8 14. Qd2 b6 15. e5
f5 16. Bf4 Qc7 17. Rac1 a5 18. h4 c5 19. Bb1 Ba6 20. Na1 Nc6 21. Nc2 Rac8 22.
Ne3 cxd4 23. cxd4 Qe7 24. Bg5 Qb4 25. Rc3 Nd7 26. a3 Qf8 27. Ba2 Na7 28. g3 h6
29. Bf4 Rxc3 30. Qxc3 Rc8 31. Qd2 Qd8 32. Kg2 Kh7 33. Rh1 b5 34. Nxd5 exd5 35.
Bxd5 Qe7 36. Ng5+ Kh8 37. Nf7+ Kh7 38. Bxh6 Nxe5 39. dxe5 Bb7 40. Bxg7 Bxd5+
41. Qxd5 Kxg7 42. Ng5 Kh6 43. Rd1 1-0

[Event "Guernsey Open"]
[Site "Guernsey"]
[Date "2001.10.24"]
[Round "4"]
[White "Lock, Gavin"]
[Black "Corkett, Anthony"]
[Result "0-1"]
[WhiteElo "2153"]
[BlackElo "2300"]
[PlyCount "38"]
[EventDate "2001.10.21"]

1. d4 Nf6 2. c4 e6 3. Nf3 Bb4+ 4. Nbd2 O-O 5. g3 d5 6. Qc2 c5 7. Bg2 cxd4 8.
Nxd4 e5 9. N4b3 a5 10. a3 Be7 11. Nf3 a4 12. Nbd2 e4 13. Nd4 Bc5 14. e3 Bxd4
15. exd4 Nc6 16. cxd5 Qxd5 17. O-O Nxd4 18. Qc4 Be6 19. b3 Qe5 0-1

[Event "Guernsey Open"]
[Site "Guernsey"]
[Date "2001.10.24"]
[Round "4"]
[White "Thurlow, Kevin"]
[Black "Westerkamp, Bert"]
[Result "1/2-1/2"]
[WhiteElo "2193"]
[BlackElo "2139"]
[PlyCount "81"]
[EventDate "2001.10.21"]

1. Nf3 Nf6 2. b3 d6 3. Bb2 e5 4. e3 Be7 5. c4 c6 6. Nc3 O-O 7. Qc2 Na6 8. a3
Nc7 9. d4 exd4 10. Nxd4 d5 11. cxd5 Ncxd5 12. Rd1 Bg4 13. Be2 Nxc3 14. Qxc3
Bxe2 15. Nxe2 Qc7 16. O-O Rfd8 17. Rd4 Rxd4 18. Nxd4 Nd5 19. Qc2 Bf6 20. e4 Nf4
21. g3 Ng6 22. f4 Qb6 23. e5 Be7 24. Kg2 Rd8 25. Nf3 Qc5 26. Qb1 Qd5 27. f5 Nf8
28. f6 gxf6 29. exf6 Bc5 30. Qc1 Re8 31. Qc2 Bb6 32. Rd1 Qh5 33. Qc4 Re3 34. g4
Qg6 35. Re1 Rxe1 36. Nxe1 Nd7 37. Qf4 Qb1 38. Qg5+ Qg6 39. Qf4 Qb1 40. Qg5+ Qg6
41. Qf4 1/2-1/2

[Event "Guernsey Open"]
[Site "Guernsey"]
[Date "2001.10.24"]
[Round "4"]
[White "Keeling, Geoffrey"]
[Black "Lalic, Susan"]
[Result "0-1"]
[WhiteElo "2053"]
[BlackElo "2351"]
[PlyCount "130"]
[EventDate "2001.10.21"]

1. e4 c6 2. d4 d5 3. exd5 cxd5 4. Bd3 Nc6 5. c3 g6 6. Nf3 Nh6 7. O-O Bf5 8. Bf4
Bxd3 9. Qxd3 Nf5 10. Nbd2 Bg7 11. Rfe1 O-O 12. Ne5 Nxe5 13. Bxe5 e6 14. Nf3 Bh6
15. Re2 Rc8 16. h3 a6 17. Bh2 Nd6 18. Ne5 Bg7 19. Rae1 b5 20. Bf4 Nc4 21. Ng4
h5 22. Ne5 a5 23. Rc2 Qf6 24. Bh2 Nxe5 25. Rxe5 Qd8 26. Ree2 Qb6 27. Bf4 b4 28.
Bd2 bxc3 29. Bxc3 a4 30. a3 Rc4 31. Rcd2 Rfc8 32. g3 Bf8 33. Rc2 R8c6 34. Kg2
Qc7 35. Re3 Bg7 36. Rce2 Qb6 37. Rd2 Bf6 38. Rf3 Kg7 39. Re3 Qa7 40. Rd1 Be7
41. Rc1 Bd8 42. Rd1 Rc8 43. Kf1 Be7 44. Rc1 h4 45. gxh4 Bxh4 46. Rf3 Bf6 47.
Rd1 Rh8 48. Kg2 Rh4 49. Rxf6 Kxf6 50. Qf3+ Kg7 51. Qg3 Rh5 52. Rd3 Qe7 53. Qb8
Qc7 54. Qe8 Rh8 55. Qb5 Rb8 56. Qa6 Qb6 57. Qxb6 Rxb6 58. f4 Kf6 59. Kg3 Kf5
60. Re3 f6 61. h4 Rb8 62. Kh3 Rh8 63. Kg3 Rc7 64. Be1 Rch7 65. Kf3 Rb8 0-1

[Event "Guernsey Open"]
[Site "Guernsey"]
[Date "2001.10.24"]
[Round "4"]
[White "De Kruif, Kees"]
[Black "Kitchlew, Andrew"]
[Result "0-1"]
[WhiteElo "2148"]
[BlackElo "2059"]
[PlyCount "80"]
[EventDate "2001.10.21"]

1. a3 h5 2. Nf3 d5 3. e3 Nc6 4. b4 e6 5. Bb2 Nf6 6. c4 dxc4 7. Bxc4 Bd6 8. d4
Bd7 9. Nbd2 Qe7 10. Rc1 a6 11. h3 Rg8 12. Ng5 Na7 13. Be2 g6 14. Nge4 Nxe4 15.
Nxe4 f5 16. Nxd6+ Qxd6 17. Bf3 Bc6 18. O-O O-O-O 19. Bxc6 Nxc6 20. Qe2 g5 21.
b5 axb5 22. Qxb5 g4 23. h4 g3 24. f4 Qe7 25. Rxc6 bxc6 26. Qxc6 Qd6 27. Qf3 Qb6
28. Rb1 Qb3 29. Qe2 Rd6 30. Rc1 Rb6 31. Bc3 Qxa3 32. Bd2 Qa2 33. Rd1 Rb2 34.
Kf1 Rg4 35. d5 Rxh4 36. Qd3 Rh1+ 37. Ke2 Rxd1 38. Kxd1 Rxd2+ 39. Qxd2 Qxd2+ 40.
Kxd2 exd5 0-1

[Event "Guernsey Open"]
[Site "Guernsey"]
[Date "2001.10.24"]
[Round "4"]
[White "Doell, Detlef"]
[Black "Goldberg, Menashe"]
[Result "1-0"]
[WhiteElo "2108"]
[BlackElo "2046"]
[PlyCount "51"]
[EventDate "2001.10.21"]

1. e4 Nf6 2. Nc3 d5 3. exd5 Nxd5 4. Bc4 Nb6 5. Bb3 Nc6 6. Nf3 g6 7. d4 Bg7 8.
Be3 O-O 9. h3 Na5 10. Qe2 Nxb3 11. axb3 Nd5 12. O-O b6 13. Nxd5 Qxd5 14. Bf4
Qd8 15. Rfe1 e6 16. Qe4 Qd5 17. Qxd5 exd5 18. Bxc7 Be6 19. c3 Rfc8 20. Be5 a5
21. Bxg7 Kxg7 22. g4 h6 23. Kg2 b5 24. Ne5 f6 25. Nxg6 Bxg4 26. Ne7 1-0

[Event "Guernsey Open"]
[Site "Guernsey"]
[Date "2001.10.24"]
[Round "4"]
[White "White, Kevin"]
[Black "Buckley, Graeme"]
[Result "0-1"]
[WhiteElo "2059"]
[BlackElo "2409"]
[PlyCount "60"]
[EventDate "2001.10.21"]

1. e4 c5 2. Nf3 e6 3. d4 cxd4 4. Nxd4 Nf6 5. Nc3 d6 6. Be3 Be7 7. f4 O-O 8. Qf3
e5 9. Nf5 Bxf5 10. exf5 Nbd7 11. O-O-O Rc8 12. Bd2 Qc7 13. Bd3 Nc5 14. Kb1 Nxd3
15. Qxd3 Qc6 16. Qe2 Rfe8 17. fxe5 dxe5 18. Bg5 Bb4 19. Rd3 e4 20. Re3 Nd5 21.
Nxd5 Qxd5 22. Rb3 a5 23. a3 Qxf5 24. Bc1 Bf8 25. Rb5 Rc5 26. Rxb7 e3 27. Rf1
Rxc2 28. Rxf5 Rxe2 29. Rbxf7 Re1 30. Rf1 Rxf1 0-1

[Event "Guernsey Open"]
[Site "Guernsey"]
[Date "2001.10.24"]
[Round "4"]
[White "Gunter, David"]
[Black "Burton, Ronnie"]
[Result "1/2-1/2"]
[WhiteElo "2136"]
[BlackElo "2075"]
[PlyCount "84"]
[EventDate "2001.10.21"]

1. c4 e6 2. Nc3 b6 3. Nf3 Bb7 4. a3 Nf6 5. d4 d5 6. Bg5 Be7 7. e3 O-O 8. Bd3 h6
9. Bxf6 Bxf6 10. cxd5 exd5 11. O-O Nd7 12. Ne2 g6 13. Rc1 Rc8 14. Nf4 Re8 15.
Qa4 a6 16. Bb1 Nf8 17. b4 Qd7 18. Qc2 Qe7 19. Nd3 Nd7 20. Ba2 Kg7 21. Nf4 Qe4
22. Qb3 c6 23. h3 Bg5 24. Ne2 Qe7 25. Ng3 f5 26. Bb1 Rf8 27. Rc3 Qd6 28. Qc2
Rce8 29. Re1 Qf6 30. Nh2 h5 31. Nf3 Bh6 32. h4 Re6 33. Qd3 Qe7 34. Qc2 Kh8 35.
Qd1 Kg7 36. Qd3 Rf7 37. Re2 Rf8 38. Rcc2 Rf7 39. Ba2 Qd6 40. Bb1 Qe7 41. Ba2
Qd6 42. Bb1 Qe7 1/2-1/2

[Event "Guernsey Open"]
[Site "Guernsey"]
[Date "2001.10.24"]
[Round "4"]
[White "Keely, Roger"]
[Black "Weighell, Mark"]
[Result "0-1"]
[WhiteElo "2041"]
[BlackElo "2124"]
[PlyCount "82"]
[EventDate "2001.10.21"]

1. e4 e5 2. Nf3 Nc6 3. Bc4 Nf6 4. Ng5 d5 5. exd5 b5 6. Bb3 Na5 7. c3 Nxb3 8.
Qxb3 Qxd5 9. O-O Be7 10. Re1 Bb7 11. f3 O-O 12. d4 h6 13. Nh3 Qd7 14. dxe5 Nd5
15. c4 Bc5+ 16. Kh1 Nb4 17. Nf4 Qf5 18. Na3 Rfd8 19. Nd5 bxc4 20. Ne3 cxb3 21.
Nxf5 Nd3 22. Be3 Bxa3 23. bxa3 b2 24. Rab1 Nxe1 25. Rxe1 Rd3 26. Bd4 Rxd4 27.
Nxd4 Rd8 28. Nb5 Rd2 29. a4 Rc2 30. Na3 Rc1 31. Rg1 Bd5 32. h4 Bxa2 33. Kh2 Bb3
34. a5 Ra1 35. Nb1 Rxa5 36. Nd2 Bc2 37. Nc4 Rb5 38. Na3 b1=Q 39. Nxb1 Rxb1 40.
Rxb1 Bxb1 41. Kg3 a5 0-1

[Event "Guernsey Open"]
[Site "Guernsey"]
[Date "2001.10.24"]
[Round "4"]
[White "Vickery, Jim"]
[Black "Kemp, Paul M"]
[Result "1/2-1/2"]
[WhiteElo "2218"]
[BlackElo "2032"]
[PlyCount "65"]
[EventDate "2001.10.21"]

1. d4 Nf6 2. Nf3 e6 3. Bg5 h6 4. Bxf6 Qxf6 5. e4 d5 6. e5 Qd8 7. c3 c5 8. Be2
Qb6 9. Qd2 Bd7 10. O-O Nc6 11. Re1 Be7 12. Bf1 Rc8 13. Re2 a6 14. dxc5 Bxc5 15.
b4 Be7 16. a3 O-O 17. Ra2 f6 18. Rc2 fxe5 19. Nxe5 Nxe5 20. Rxe5 Ba4 21. Rb2
Bd6 22. Re1 Rf6 23. Qd4 Bc5 24. Qh4 Rcf8 25. Ree2 Bd6 26. Qd4 Qc7 27. g3 Bc6
28. Bg2 e5 29. Bxd5+ Kh8 30. Qc4 Bxd5 31. Qxd5 b5 32. Rbd2 Qb6 33. c4 1/2-1/2

[Event "Guernsey Open"]
[Site "Guernsey"]
[Date "2001.10.24"]
[Round "4"]
[White "Spanton, Timothy"]
[Black "Tan, H Boen"]
[Result "1-0"]
[WhiteElo "2039"]
[BlackElo "2194"]
[PlyCount "75"]
[EventDate "2001.10.21"]

1. e4 d5 2. exd5 Nf6 3. c4 e6 4. d4 exd5 5. Nc3 Bb4 6. Nf3 O-O 7. Bg5 Re8+ 8.
Be2 Qe7 9. Ne5 Nbd7 10. f4 h6 11. Bh4 g5 12. fxg5 Ne4 13. O-O Nxe5 14. Nxd5 Qd6
15. Rf6 Be6 16. dxe5 Bc5+ 17. Kh1 Qxe5 18. Rxh6 Bd6 19. Be1 Kg7 20. Bd3 Bxd5
21. cxd5 Qxg5 22. Rh5 Qg6 23. Qf3 Re7 24. Bh4 f6 25. Bxe4 Rxe4 26. Bxf6+ Kf7
27. Be5+ Ke7 28. Bxd6+ Kxd6 29. Rf1 Rae8 30. Rf5 Kd7 31. h3 Re2 32. Rf7+ Kd8
33. Rf2 Qb1+ 34. Kh2 Qxb2 35. Rxe2 Qxe2 36. Qf6+ Kc8 37. Qf5+ Kd8 38. Qd7# 1-0

[Event "Guernsey Open"]
[Site "Guernsey"]
[Date "2001.10.25"]
[Round "5"]
[White "Hillarp Persson, Tiger"]
[Black "Arkell, Keith"]
[Result "1-0"]
[WhiteElo "2450"]
[BlackElo "2457"]
[PlyCount "87"]
[EventDate "2001.10.21"]

1. e4 c6 2. d3 d5 3. Nd2 Qc7 4. Ngf3 Bg4 5. h3 Bh5 6. b3 Nd7 7. Bb2 e6 8. Qe2
Ngf6 9. e5 Ng8 10. g4 Bg6 11. Nh4 Be7 12. Nxg6 hxg6 13. f4 Bh4+ 14. Kd1 Be7 15.
Nf3 O-O-O 16. Bg2 Kb8 17. Qd2 c5 18. c4 Nb6 19. Qc2 Bf8 20. a4 Ne7 21. a5 Na8
22. Ke2 Nc6 23. Bc3 a6 24. Kf2 Be7 25. h4 Qd7 26. Rad1 Nc7 27. Kg3 d4 28. Be1
f5 {(=)} 29. g5 Ka7 30. Ra1 Na8 31. Bd2 Rc8 32. Qd1 Nb4 33. Ne1 Rh7 34. Qf3 Nc6
35. Nc2 Rch8 36. Qe2 Rc8 37. Qe1 Rc7 38. b4 cxb4 39. Nxb4 Nxb4 40. Bxb4 Bxb4
41. Qxb4 Qe7 42. Qb2 Qd7 43. Rhb1 Rh8 44. Ra4 1-0

[Event "Guernsey Open"]
[Site "Guernsey"]
[Date "2001.10.25"]
[Round "5"]
[White "Gormally, Daniel"]
[Black "Bellin, Robert"]
[Result "1-0"]
[WhiteElo "2505"]
[BlackElo "2359"]
[PlyCount "53"]
[EventDate "2001.10.21"]

1. e4 c5 2. Nf3 Nc6 3. d4 cxd4 4. Nxd4 e5 5. Nb5 d6 6. N1c3 a6 7. Na3 b5 8. Nd5
Nge7 9. c4 Nxd5 10. exd5 Nd4 11. cxb5 Be7 12. bxa6 O-O 13. Bc4 Bxa6 14. O-O Qb6
15. b3 Qc5 16. Bb2 Bb7 17. Bxd4 exd4 18. Nb5 Ra5 19. a4 Bxd5 20. Rc1 Bf6 21. b4
Qxb4 22. Bxd5 Rxa4 23. Rb1 Qa5 24. Bb3 Rb4 25. Nxd6 Rfb8 26. Bxf7+ Kf8 27. Bb3
1-0

[Event "Guernsey Open"]
[Site "Guernsey"]
[Date "2001.10.25"]
[Round "5"]
[White "Corkett, Anthony"]
[Black "Van Voorthuijsen, PW.."]
[Result "1/2-1/2"]
[WhiteElo "2300"]
[BlackElo "2319"]
[PlyCount "63"]
[EventDate "2001.10.21"]

1. e4 d6 2. d4 g6 3. Nc3 Bg7 4. Be3 Nf6 5. h3 O-O 6. Nf3 b6 7. Bd3 Bb7 8. O-O
Nbd7 9. Re1 e5 10. dxe5 dxe5 11. Qe2 a6 12. Nd2 Nh5 13. Nb3 Nf4 14. Qf1 Kh8 15.
Rad1 Qc8 16. a4 f5 17. Bc4 Re8 18. Bxf4 exf4 19. exf5 Ne5 20. Be6 Rxe6 21. fxe6
Qxe6 22. Nd4 Qf7 23. Ne4 h6 24. b3 f3 25. Nxf3 Nxf3+ 26. gxf3 Qxf3 27. Rd3 Qf5
28. Ng3 Qc5 29. Rde3 Qc6 30. c4 Bd4 31. Rd3 Qf6 32. Qe2 1/2-1/2

[Event "Guernsey Open"]
[Site "Guernsey"]
[Date "2001.10.25"]
[Round "5"]
[White "Lalic, Susan"]
[Black "Westerkamp, Bert"]
[Result "1-0"]
[WhiteElo "2351"]
[BlackElo "2139"]
[PlyCount "59"]
[EventDate "2001.10.21"]

1. e4 e5 2. Nf3 Nc6 3. d4 exd4 4. Nxd4 Nf6 5. Nxc6 bxc6 6. e5 Ne4 7. Qf3 Ng5 8.
Qg3 Ne6 9. Bd3 d6 10. O-O dxe5 11. Qxe5 Qd6 12. Qe2 Be7 13. Nc3 Nd4 14. Qh5 Be6
15. Be3 g6 16. Qa5 O-O 17. Ne4 Qd7 18. Rad1 Nf5 19. Bf4 Qd4 20. c3 Qb6 21. Qe5
c5 22. Nf6+ Bxf6 23. Qxf6 Bxa2 24. Qe5 Rfe8 25. Qxc7 Qxc7 26. Bxc7 Bb3 27. Ra1
Rec8 28. Be4 a5 29. Bxa8 Rxa8 30. Rxa5 1-0

[Event "Guernsey Open"]
[Site "Guernsey"]
[Date "2001.10.25"]
[Round "5"]
[White "Ballon, Guenther Jan"]
[Black "Doell, Detlef"]
[Result "0-1"]
[WhiteElo "2220"]
[BlackElo "2108"]
[PlyCount "90"]
[EventDate "2001.10.21"]

1. d4 Nf6 2. c4 c5 3. d5 e5 4. Nc3 d6 5. e4 g6 6. Bd3 Bg7 7. Nge2 a6 8. a3 O-O
9. O-O Nh5 10. Qc2 Nd7 11. g4 Nf4 12. Nxf4 exf4 13. Bxf4 Ne5 14. f3 Qh4 15. Kh1
h5 16. Bg3 Qh3 17. gxh5 Qxh5 18. Ne2 Bd7 19. Ng1 b5 20. cxb5 axb5 21. Be2 Qh8
22. Rab1 Ra4 23. Rfe1 Rfa8 24. Qc1 R4a7 25. Qd2 Ra4 26. Red1 b4 27. axb4 Rxb4
28. Ra1 Rba4 29. Rxa4 Rxa4 30. b3 Ra7 31. b4 c4 32. f4 Ng4 33. Bxc4 Ra3 34. Bd3
Bc3 35. Qe2 Bxb4 36. e5 Bf5 37. e6 fxe6 38. dxe6 Kh7 39. e7 Qa8+ 40. Nf3 Nf6
41. Bh4 Ra2 42. Qf1 Ng4 43. Bxf5 Rxh2+ 44. Kg1 Bc5+ 45. Qf2 Qxf3 0-1

[Event "Guernsey Open"]
[Site "Guernsey"]
[Date "2001.10.25"]
[Round "5"]
[White "Burrows, Martin"]
[Black "Kitchlew, Andrew"]
[Result "1-0"]
[WhiteElo "2157"]
[BlackElo "2059"]
[PlyCount "95"]
[EventDate "2001.10.21"]

1. e4 c6 2. d4 d5 3. e5 Bf5 4. Nf3 e6 5. Be2 c5 6. O-O Nc6 7. c3 cxd4 8. cxd4
Rc8 9. Nc3 a6 10. a3 Nge7 11. Nh4 Qb6 12. Be3 g5 13. Na4 Qa7 14. Nf3 g4 15. Nh4
h5 16. Qd2 Bh7 17. f3 Nf5 18. Nxf5 Bxf5 19. fxg4 hxg4 20. Rac1 b5 21. Nc3 Qe7
22. Bg5 Qa7 23. Nxd5 Bg7 24. Ne3 O-O 25. Rcd1 Rcd8 26. Bxd8 Rxd8 27. Nxf5 exf5
28. Qg5 Rxd4 29. Kh1 Rxd1 30. Rxd1 Qf2 31. Bd3 Nd4 32. Qd8+ Bf8 33. Qg5+ Bg7
34. Rc1 Kh7 35. Rf1 Qxb2 36. Bxf5+ Nxf5 37. Qxf5+ Kh6 38. e6 fxe6 39. Qxe6+ Kh7
40. Qxa6 Qe2 41. Rb1 Bb2 42. Qb7+ Kg6 43. Qc6+ Kh7 44. Qd7+ Kg6 45. Qd6+ Kg7
46. Qb4 Be5 47. Qxb5 Qe4 48. Qd7+ 1-0

[Event "Guernsey Open"]
[Site "Guernsey"]
[Date "2001.10.25"]
[Round "5"]
[White "Weighell, Mark"]
[Black "Webster, Andrew"]
[Result "0-1"]
[WhiteElo "2124"]
[BlackElo "2413"]
[PlyCount "75"]
[EventDate "2001.10.21"]

1. Nf3 d6 2. d4 Bg4 3. h3 Bxf3 4. gxf3 g6 5. c3 Nd7 6. Bg5 Bg7 7. e4 Ngf6 8.
Qd2 e5 9. Na3 O-O 10. h4 d5 11. h5 exd4 12. hxg6 dxc3 13. Qxc3 fxg6 14. Bh6
Bxh6 15. Rxh6 c6 16. O-O-O Qe7 17. Kb1 Qe5 18. Qe3 Rae8 19. Bd3 Re7 20. f4 Qc7
21. f3 b5 22. f5 gxf5 23. Rg1+ Kh8 24. Qg5 fxe4 25. fxe4 dxe4 26. Be2 Rg8 27.
Qe3 Rxg1+ 28. Qxg1 Rg7 29. Qd4 Qf4 30. Rh1 c5 31. Qd1 a6 32. Nc2 e3 33. Qd3 Qe4
34. Qd1 c4 35. Rf1 Qe5 36. a3 Ne4 37. Bf3 Nd2+ 38. Ka2 0-1

[Event "Guernsey Open"]
[Site "Guernsey"]
[Date "2001.10.25"]
[Round "5"]
[White "Hawes, Jonathan"]
[Black "Thurlow, Kevin"]
[Result "1-0"]
[WhiteElo "2134"]
[BlackElo "2193"]
[PlyCount "45"]
[EventDate "2001.10.21"]

1. e4 c5 2. Nc3 e6 3. f4 Nc6 4. Nf3 a6 5. d4 cxd4 6. Nxd4 Bc5 7. Be3 Qb6 8. Na4
Qa5+ 9. c3 Bxd4 10. Bxd4 Nxd4 11. Qxd4 Nf6 12. Nb6 Rb8 13. a4 Qh5 14. Be2 Qg6
15. Bf3 d5 16. Qe5 O-O 17. Qxb8 dxe4 18. Nxc8 Nd5 19. O-O-O Qf6 20. Bxe4 Nxc3
21. Qe5 Nxe4 22. Qxf6 Rxc8+ 23. Qc3 1-0

[Event "Guernsey Open"]
[Site "Guernsey"]
[Date "2001.10.25"]
[Round "5"]
[White "Janse, Jan Jaap"]
[Black "Almond, Richard"]
[Result "1/2-1/2"]
[WhiteElo "2272"]
[BlackElo "2136"]
[PlyCount "105"]
[EventDate "2001.10.21"]

1. d4 d5 2. Bg5 Nf6 3. Bxf6 exf6 4. e3 c6 5. c4 dxc4 6. Bxc4 Be6 7. Bxe6 fxe6
8. Qb3 Qd7 9. Ne2 Bd6 10. Nbc3 Na6 11. O-O O-O 12. e4 Kh8 13. Rad1 Qe7 14. Rfe1
Rad8 15. Ng3 Bxg3 16. hxg3 Rfe8 17. a3 Qc7 18. Qc4 Qb6 19. b4 Nc7 20. Qc5 Kg8
21. Qc4 Kh8 22. Ne2 Rd7 23. Rd3 Red8 24. Red1 Qb5 25. Qxb5 Nxb5 26. a4 Nc7 27.
Nf4 Kg8 28. Kf1 Kf7 29. Ke2 g5 30. Nh5 Na6 31. Rf3 Rxd4 32. Rxf6+ Ke7 33. Rxd4
Rxd4 34. Ke3 Rxb4 35. Rh6 Nc5 36. Rxh7+ Kd6 37. Nf6 Rb3+ 38. Ke2 Nxa4 39. f4 g4
40. Rd7+ Kc5 41. e5 Nc3+ 42. Kd2 a5 43. f5 a4 44. fxe6 a3 45. e7 a2 46. e8=Q
a1=Q 47. Qe7+ Kc4 48. Qe6+ Nd5 49. Qxg4+ Kc5 50. Rxd5+ cxd5 51. Qc8+ Kd4 52.
Qg4+ Kc5 53. Qc8+ 1/2-1/2

[Event "Guernsey Open"]
[Site "Guernsey"]
[Date "2001.10.25"]
[Round "5"]
[White "Goldberg, Menashe"]
[Black "De Kruif, Kees"]
[Result "1/2-1/2"]
[WhiteElo "2046"]
[BlackElo "2148"]
[PlyCount "53"]
[EventDate "2001.10.21"]

1. d4 Nf6 2. Nc3 e6 3. e4 Bb4 4. Bd3 d5 5. e5 Ne4 6. Nge2 Nxc3 7. bxc3 Be7 8.
O-O c5 9. dxc5 Bxc5 10. Nd4 O-O 11. Qh5 g6 12. Qh6 f5 13. Rb1 Rf7 14. Bg5 Be7
15. Nf3 Nc6 16. c4 d4 17. c5 Qc7 18. Bxe7 Rxe7 19. Rfe1 Bd7 20. Qh4 Rae8 21.
Qf4 Bc8 22. Nxd4 Nxd4 23. Qxd4 Rd8 24. Qc3 Rd5 25. Rb4 Rxc5 26. Rc4 Rxc4 27.
Qxc4 1/2-1/2